000 00797nam a2200277Ia 4500
003 OSt
005 20220918163811.0
006 a|||||r|||| 00| 0
007 ta
008 220917b |||||||| |||| 00| 0 eng d
020 _a0304334928 (pbk)
024 _a176,599
037 _cTextual
040 _aARTS
_cARTS
_beng
041 _2eng
_aeng
082 _aS:34-86, N8 (SC)
100 _aMilner Pat
_915476
245 0 _aIntegrative stress counselling
_b a humanistic problem-focused approach
260 _aLondon
_bCassell
_c1998
300 _axii, 276p.
_ccm.
490 _aStress counselling series
650 _aPSYCHOLOGY
700 _a Palmer Stephen
_915477
942 _hS:34-86, N8 (SC)
_cTEXL
_2CC
999 _c121628
_d121628